|
|
|
|
| LEADER |
00000cam a2200000 a 4500 |
| 001 |
vtls001084201 |
| 003 |
SK-MaSNL |
| 005 |
20260301105157.0 |
| 008 |
240513s1986 xo frnp 00000 slo |
| 015 |
|
|
|a SNBA1986/05
|
| 020 |
|
|
|q (brožované)
|
| 035 |
|
|
|a SNK000027039
|
| 040 |
|
|
|a SNK
|b slo
|c SNK
|e AACR2
|
| 041 |
0 |
|
|a slo
|
| 044 |
|
|
|a xo
|c SK
|
| 080 |
|
|
|a 65.012.4:681.3(075.8)
|2 1981
|
| 080 |
|
|
|a 681.3(075.8)
|2 1981
|
| 245 |
0 |
0 |
|a Štátnicový odborný seminár pre študijný odbor ASR
|c Štefan Čarnický ... [et al.]
|
| 250 |
|
|
|a 1. vyd.
|
| 260 |
|
|
|a Bratislava
|b Vysoká škola ekonomická
|c 1986
|
| 300 |
|
|
|a 233 strán
|c 30 cm
|
| 366 |
|
|
|e 300 kusov
|
| 490 |
1 |
|
|a Vysokoškolské skriptá
|
| 504 |
|
|
|a Obsahuje bibliografiu
|
| 650 |
0 |
7 |
|a automatizované systémy riadenia
|2 SNKPH
|9 28612
|
| 650 |
0 |
7 |
|a študijné odbory
|2 SNKPH
|9 68762
|
| 650 |
0 |
7 |
|a semináre
|2 SNKPH
|9 18562
|
| 655 |
|
7 |
|a učebnice vysokých škôl
|2 SNKPH
|9 70191
|
| 700 |
1 |
|
|a Čarnický, Štefan,
|d 1945-
|4 aut
|9 211057
|
| 830 |
|
0 |
|a Vysokoškolské skriptá
|9 276440
|
| 852 |
|
|
|a Slovenská národná knižnica
|
| 954 |
|
|
|a odborná, vedecká literatúra pôvodná (slovenská)
|2 lita
|
| 958 |
|
|
|a RK
|
| 958 |
|
|
|a TL
|
| 958 |
|
|
|a NB
|
| 958 |
|
|
|a OND
|
| 958 |
|
|
|a UV
|
| 999 |
|
|
|c 700166
|d 702096
|
| 952 |
|
|
|a SNK
|b SNK
|y PREZ
|7 0
|p 17A0835399
|o snkSB 41329
|0 0
|1 0
|4 0
|d 2012-05-12
|f 1
|l 0
|r 2025-04-28 00:00:00
|w 2026-02-23
|
| 952 |
|
|
|t P60, <04>, [BOOK], {604}
|a SNK
|b SNK
|y VYP
|7 0
|p 17A0204926
|o snkSB 41329 D1
|0 0
|1 0
|4 0
|d 1999-07-23
|l 0
|r 2004-12-31 00:00:00
|w 2026-02-23
|